| 000 | 00889nam a22002537a 4500 | ||
|---|---|---|---|
| 003 | CHAP | ||
| 005 | 20220329135112.0 | ||
| 008 | 971013s r 00010 d | ||
| 010 | _a30947 | ||
| 011 | _a31919 | ||
| 035 | _a36031 | ||
| 040 | _cCHAP | ||
| 090 | _aR-2272 | ||
| 100 | 0 | 0 |
_aNavarro, Luis A. _980605 |
| 245 | _aRestricciones socioeconómicas reflejadas en los sistemas de cultivo practicados por pequeños agricultores | ||
| 500 | _aSobretiro de : Curso sobre Control Integrado de Plagas en Sistemas de Producción para Pequeños Agricultores (1979 : Turrialba, Costa Rica) : 66-85. | ||
| 590 |
_aBATCH-UPD _b10 _c20130110 _lUCH01 _h1937 |
||
| 590 |
_aCONVERSION _b10 _c20130109 _lUCH01 _h1318 |
||
| 650 | 1 | 4 |
_aAgricultura _xTrabajadores. _91840 |
| 650 | 1 | 4 |
_aSistemas de cultivo. _9106746 |
| 901 | _aBK | ||
| 942 | _cREIMP | ||
| 949 |
_aR-2272 _bBC _cR _d-83110 _eTS1 _i36031 _si |
||
| 999 |
_c30947 _d30947 |
||